International encyclopedia of unified science. Volume I, Nos. 1-5 /

Guardado en:
Otros Autores: Neurath, Otto. (Editor ), Carnap, Rudolf, 1891-1970. (Editor ), Morris, Charles W. (Editor )
Formato: Libro
Idioma:English
Publicado: Chicago : The University of Chicago Press, 1955.
Etiquetas: Agregar Etiqueta
Sin Etiquetas, Sea el primero en etiquetar este registro!
LEADER 01131nam a22001815a 4500
001 MAT.inmabb000640
008 031118s1955####ilu###########001#0#eng#d
005 20170802130130.0
245 1 0 |a International encyclopedia of unified science.  |n Volume I, Nos. 1-5 /  |c edited by Otto Neurath, Rudolf Carnap, Charles Morris. 
260 |a Chicago :  |b The University of Chicago Press,  |c 1955. 
300 |a ix, 339 p. ;  |c 24 cm. 
500 |a "This edition combines in two cloth-bound volumes the ten numbers of Volume I of the International Encyclopedia of Unified Science." 
505 0 0 |t Encyclopedia and unified science /  |r Otto Neurath, Niels Bohr, John Dewey, Bertrand Russell, Rudolf Carnap, Charles W. Morris --  |t Foundations of the theory of signs /  |r Charles W. Morris --  |t Foundations of logic and mathematics /  |r Rudolf Carnap --  |t Linguistic aspects of science /  |r Leonard Bloomfield --  |t Procedures of empirical science /  |r Victor F. Lenzen. 
700 1 |a Neurath, Otto.  |4 edt 
700 1 |a Carnap, Rudolf,  |d 1891-1970.  |4 edt 
700 1 |a Morris, Charles W.  |4 edt 
084 |a 00A05  |2 msc2000 
859 |h 00A05  |i In61  |p A-445  |v 1A  |3 Vol. I Parte I  |b BIB. MATEMATICA